A Modern Approach to Company Accounts : Incorporating Company Accounts in the Fundamentals of Accounting Series. (Record no. 1636)

MARC details
005 - DATE AND TIME OF LATEST TRANSACTION
control field 20250424111705.0
020 ## - INTERNATIONAL STANDARD BOOK NUMBER
International Standard Book Number 434 91047 3
082 ## - DEWEY DECIMAL CLASSIFICATION NUMBER
Classification number 657.95 KEL
100 ## - MAIN ENTRY--PERSONAL NAME
Author name KELLOCK, J.
245 ## - TITLE STATEMENT
Title A Modern Approach to Company Accounts : Incorporating Company Accounts in the Fundamentals of Accounting Series.
260 ## - PUBLICATION, DISTRIBUTION, ETC.
Place of publication, distribution, etc. London
Name of publisher, distributor, etc. Heinemann,
Date of publication, distribution, etc. 1978.
300 ## - PHYSICAL DESCRIPTION
Extent Viii, 308p.: ill.;
Other physical details Index
Dimensions 22cm.
942 ## - ADDED ENTRY ELEMENTS (KOHA)
Source of classification or shelving scheme Dewey Decimal Classification
Koha item type Books
Holdings
Date last seen Total checkouts Full call number Barcode Cost, replacement price Price effective from Koha item type Lost status Source of classification or shelving scheme Damaged status Not for loan Withdrawn status Home library Current library Shelving location Date acquired Cost, normal purchase price
04/24/2025   657.95 KEL 000006188 35700.00 04/24/2025 Books   Dewey Decimal Classification       College of Business Education Main Library College of Business Education Main Library General Collection 04/24/2025 11900.00